Urban economic and planning models : assessing the potential for cities in developing countries

Αποθηκεύτηκε σε:
Λεπτομέρειες βιβλιογραφικής εγγραφής
Κύριος συγγραφέας: Mohan, Rakesh 1948-
Μορφή: Βιβλίο
Γλώσσα:English
Δημοσίευση: Baltimore : Johns Hopkins University Press, c1979
Σειρά:World Bank staff occasional papers ; ; 25
Θέματα:
Ετικέτες: Προσθήκη ετικέτας
Δεν υπάρχουν, Καταχωρήστε ετικέτα πρώτοι!

MARC

LEADER 00000cam a2200000 i 4500
001 1/77341
008 970507s1979 eng d
020 |a 0-8018-2141-X 
035 |l 10004250 
040 |a GR-MY-UA  |b gre  |e aacr 
041 0 |a eng 
082 0 |a 307.76 
100 1 |a Mohan, Rakesh  |d 1948- 
245 1 0 |a Urban economic and planning models :  |b assessing the potential for cities in developing countries /  |c Rakesh Mohan 
260 |a Baltimore :   |b Johns Hopkins University Press,   |c c1979 
300 |a xii, 180 p.;  |c 23 cm 
490 1 |a World Bank staff occasional papers  |v ; 25 
504 |a Bibliography: p. 160-177. Includes index 
650 0 0 |a City planning  |z Developing countries  |x Mathematical models. 
650 0 0 |a Cities and towns  |z Developing countries  |x Mathematical models. 
650 0 0 |a Urban economics  |x Mathematical models. 
830 0 |a World Bank staff occasional papers ;  |v ; 25 
852 |a INST  |b CHIOS  |e 19990205  |h 307.76 MOH  |p 005200014933  |q 005200014933  |t BK  |y 0 
852 |a INST  |b LESVOS  |e 19970507  |h 307.76 MOH  |p 005100011370  |q 005100011370  |t BK  |y 0 
909 |a Χ  |b 055295 
922 |a 2ΔΩΡ  |b 199902  |d ΛΕΜΟΝΙΑ